00992nam a2200217 a 450000100100000000500170001000800410002704000250006808200150009310000260010824000550013424500910018926000530028030000210033349000500035459000760040470000340048083000570051495201860057199900170075700003484620200930073935.0111020s1954 mx 000 0 spa d aDO-SdBNPbspacBNPHU axxxbS251c1 aSarton, George96037410aAncient science and modern civilizationlespañol10aCiencia antigua y civilización moderna /cGeorge Sarton ; traductor Concha Albornoz. aMéxico :bFondo de Cultura Económica,c1954. a132 p. ;c18 cm.1 aCiencia antigua y civilización modernav155 aPerteneció a la biblioteca personal de Juan Isidro Jimenes Grullón.1 aAlbornoz, Concha,etr.960375 0aCiencia antigua y civilización modernav155960376 001050718RVaGRbGRcCTd2011-10-20iLF1l0oxxx S251cp34846-10r2020-06-25w2020-06-25y1zPerteneció a la biblioteca personal de Juan Isidro Jimenes- GrullónZNo se presta c34337d34337